000
00302nam a2200121Ia 4500
008
190216s9999||||xx |||||||||||||| ||und||
100
_a
Ramachandran H
245
0
_a
Financial Planning And Control
260
_b
Prentice Hall Of India Pvt Ltd
_c
1982
300
_a
529p
650
_a
Commerce
942
_c
BK
999
_c
4384
_d
4384